Méchants Univers Marvel - Statistiques

Statistiques générales
  • Ce quiz a été pris 219 fois
    189 depuis la dernière actualisation
  • Le résultat moyen est 27 sur 50
Statistiques - réponses
Par images Réponse % Correct
Loki
99%
Thanos
90%
Venom
90%
Ultron
88%
Le Bouffon Vert
85%
Le Lézard
85%
Doctor Octopus
83%
Crâne Rouge
81%
L'Homme Sable
79%
Carnage
78%
Mysterio
78%
Magneto
75%
Hela
72%
Le Vautour
72%
Doctor Fatalis
69%
Ego
69%
Dormammu
65%
Ronan L'Accusateur
65%
Kang Le Conquérant
64%
Electro
63%
Erik Killmonger
63%
Le Caïd
63%
Le Surfer d'Argent
62%
Abomination
57%
Namor
55%
Le Fléau
51%
Taskmaster
51%
Yellowjacket
49%
Arnim Zola
47%
Baron Zemo
47%
Le Fantôme
47%
Gorr Le Boucher des Dieux
46%
Apocalypse
42%
Cable
42%
Whiplash
42%
Crossbones
39%
Ebony Maw
38%
Malekith
36%
Iron Monger
33%
Ulysses Klaue
29%
Aldrich Killian
28%
Kaecilius
28%
Maître de l'évolution
28%
Arishem Le Juge
27%
Riot
26%
Ajax
25%
Alexander Pierce
24%
Le Mandarin
23%
Yon-Rogg
18%
Dar-Benn
11%
Aucun quiz correspondant
Distribution des résultats
% des personnes avec chaque résultat
Percentile par nombre de réponses
Votre historique - résultats
Vous n’avez pas pris ce quiz depuis la dernière actualisation